000
00282 a2200121 4500
001
147097
040
_c
Escola São Tomás de Aquino
100
_a
MACHADO, Ana Maria
240
1
0
_a
Um dia desses...
_l
por
245
1
0
_a
Um dia desses...
697
_a
*LITERATURA INFANTO
942
_c
BK
999
_c
147097
_d
147097